Les personnages de Snoopy et les Peanuts - Statistiques

Statistiques générales
  • Ce quiz a été pris 45 fois
  • Le résultat moyen est 6 sur 16
Statistiques - réponses
Personnages % Correct
Snoopy
97%
Charlie Brown
87%
Lucy Van Pelt
67%
Linus Van Pelt
56%
Sally Brown
54%
Woodstock
54%
Patty Peppermint
49%
Marcie Johnson
38%
Schroeder
38%
Franklin
28%
Pigpen
26%
Rerun Van Pelt
18%
Violette
13%
Shermy
10%
Frieda
8%
Charlotte Braun
5%
Aucun quiz correspondant
Distribution des résultats
% des personnes avec chaque résultat
Percentile par nombre de réponses
Votre historique - résultats
Vous n’avez pas pris ce quiz